[Event "Seville GM"]
[Site "Seville"]
[Date "2021.07.09"]
[Round "9"]
[White "Grigoryan, Karen H"]
[Black "Montero Melendez, Rafael"]
[Result "1-0"]
[WhiteElo "2647"]
[BlackElo "2309"]
[PlyCount "109"]
[EventDate "2021.07.05"]
[EventType "tourn"]
[EventRounds "9"]
[EventCountry "ESP"]
[EventCategory "6"]
[SourceTitle "CBM 203 Extra"]
[Source "ChessBase"]
[SourceDate "2021.09.30"]
[SourceVersion "1"]
[SourceVersionDate "2021.09.30"]
[SourceQuality "1"]

1. e4 d6 2. d4 Nf6 3. Nc3 g6 4. f3 c6 5. Be3 Nbd7 6. Qd2 b5 7. h4 Bg7 8. g4 h5 9. g5 Nh7 10. Bd3 Nb6 11. Nge2 d5 12. Bf4 Nf8 13. exd5 b4 14. Ne4 Nxd5 15. Be5 Bxe5 16. dxe5 Qb6 17. 0-0-0 Bf5 18. N2g3 Ne6 19. Nxf5 gxf5 20. Ng3 f4 21. Nf5 0-0-0 22. Rhe1 Qa5 23. Kb1 Kc7 24. Qc1 b3 25. a3 Nc3+ 26. bxc3 Rb8 27. cxb3 Rxb3+ 28. Ka2 Rxc3 29. Bc2 Qc5 30. Rd2 Rd8 31. Ree2 Qc4+ 32. Ka1 Nc5 33. Nd6 exd6 34. exd6+ Rxd6 35. Qb2 Rxd2 36. Rxd2 Na4 37. Qb4 Qxb4 38. axb4 Nb6 39. Be4 Nc4 40. Rf2 Ne5 41. Kb2 Re3 42. Rc2 Kb6 43. Ka2 Kb5 44. Rc5+ Kxb4 45. Rxe5 c5 46. Re7 Re2+ 47. Ka1 Re1+ 48. Kb2 Re2+ 49. Kc1 Kc3 50. Kd1 Rh2 51. Rxf7 Rxh4 52. g6 Rh1+ 53. Ke2 Rg1 54. g7 h4 55. Kf2 1-0

[Event "Seville GM"]
[Site "Seville"]
[Date "2021.07.09"]
[Round "8"]
[White "Montero Melendez, Rafael"]
[Black "Del Rio de Angelis, Salvador Gabriel"]
[Result "1/2-1/2"]
[WhiteElo "2309"]
[BlackElo "2515"]
[PlyCount "26"]
[EventDate "2021.07.05"]
[EventType "tourn"]
[EventRounds "9"]
[EventCountry "ESP"]
[EventCategory "6"]
[SourceTitle "CBM 203 Extra"]
[Source "ChessBase"]
[SourceDate "2021.09.30"]
[SourceVersion "1"]
[SourceVersionDate "2021.09.30"]
[SourceQuality "1"]

1. c4 f5 2. g3 Nf6 3. Bg2 e6 4. Nf3 d5 5. 0-0 Bd6 6. d3 0-0 7. Nc3 dxc4 8. dxc4 Nc6 9. Nb5 e5 10. Nxd6 cxd6 11. b3 Qc7 12. Ba3 Rd8 13. e3 h6 1/2-1/2

[Event "Seville op 46th"]
[Site "Seville"]
[Date "2021.07.04"]
[Round "6"]
[White "Jimenez de la Torre, Jose Antonio"]
[Black "Montero Melendez, Rafael"]
[Result "0-1"]
[WhiteElo "1991"]
[BlackElo "2320"]
[PlyCount "64"]
[EventDate "2021.06.30"]
[EventType "swiss"]
[EventRounds "7"]
[EventCountry "ESP"]
[SourceTitle "CBM 203 Extra"]
[Source "ChessBase"]
[SourceDate "2021.09.30"]
[SourceVersion "1"]
[SourceVersionDate "2021.09.30"]
[SourceQuality "1"]

1. e4 d6 2. d4 Nf6 3. Nc3 g6 4. f4 Bg7 5. Nf3 c5 6. dxc5 Qa5 7. Qd4 0-0 8. Bd2 Nc6 9. Qc4 Be6 10. Qb5 Qc7 11. Bd3 d5 12. e5 Nd7 13. b4 a5 14. Na4 axb4 15. Nb6 Ra5 16. Nxd7 Rxb5 17. Nxf8 Rxc5 18. Nxe6 fxe6 19. 0-0 Ra5 20. Be3 Ra3 21. h4 Qa5 22. Ng5 Rxa2 23. Rab1 Bh6 24. Nf3 Qa4 25. g4 Bxf4 26. Bxf4 b3 27. Ne1 g5 28. Rxb3 gxf4 29. Rxb7 Nxe5 30. Rxe7 Nxd3 31. cxd3 Qd4+ 32. Kh1 Qb2 0-1

[Event "Seville op 46th"]
[Site "Seville"]
[Date "2021.07.04"]
[Round "7"]
[White "Montero Melendez, Rafael"]
[Black "Infantes Gonzalez, David"]
[Result "1-0"]
[WhiteElo "2320"]
[BlackElo "1961"]
[PlyCount "85"]
[EventDate "2021.06.30"]
[EventType "swiss"]
[EventRounds "7"]
[EventCountry "ESP"]
[SourceTitle "CBM 203 Extra"]
[Source "ChessBase"]
[SourceDate "2021.09.30"]
[SourceVersion "1"]
[SourceVersionDate "2021.09.30"]
[SourceQuality "1"]

1. c4 Nf6 2. g3 g6 3. Bg2 Bg7 4. Nc3 0-0 5. e4 d6 6. Nge2 Nbd7 7. d3 c6 8. 0-0 e5 9. h3 Nb6 10. b3 Re8 11. Be3 Nh5 12. Qd2 f5 13. exf5 gxf5 14. Bg5 Qc7 15. d4 Be6 16. d5 Bf7 17. Rad1 c5 18. g4 fxg4 19. hxg4 Nf6 20. Ne4 Nbd7 21. N2g3 Bg6 22. Rde1 Re7 23. Nh5 Bxh5 24. gxh5 Rf7 25. Ng3 e4 26. h6 Bh8 27. Bxe4 Nxe4 28. Rxe4 Ne5 29. f4 Ng6 30. f5 Ne5 31. f6 Kf8 32. Rf5 Qd7 33. Qg2 b5 34. cxb5 Qxb5 35. Qe2 Qb7 36. Rexe5 dxe5 37. Qxe5 Qd7 38. Ne4 Kg8 39. Nxc5 Qb5 40. Be3 Re8 41. Ne6 Bxf6 42. Rxf6 Rxe6 43. Qg5+ 1-0

[Event "Seville op 46th"]
[Site "Seville"]
[Date "2021.07.03"]
[Round "5"]
[White "Montero Melendez, Rafael"]
[Black "Revaliente Montoya, Ciro"]
[Result "1/2-1/2"]
[WhiteElo "2320"]
[BlackElo "2039"]
[PlyCount "61"]
[EventDate "2021.06.30"]
[EventType "swiss"]
[EventRounds "7"]
[EventCountry "ESP"]
[SourceTitle "CBM 203 Extra"]
[Source "ChessBase"]
[SourceDate "2021.09.30"]
[SourceVersion "1"]
[SourceVersionDate "2021.09.30"]
[SourceQuality "1"]

1. c4 e5 2. g3 Nf6 3. Bg2 c6 4. Nf3 e4 5. Nd4 d5 6. cxd5 Qxd5 7. e3 Bc5 8. d3 Qe5 9. dxe4 Nxe4 10. Nc3 Nxc3 11. bxc3 0-0 12. 0-0 Nd7 13. e4 Nf6 14. Bf4 Qe7 15. Qc2 Be6 16. Nxe6 Qxe6 17. Rae1 Rad8 18. Kh1 Rd7 19. Bc1 Rfd8 20. e5 Ng4 21. Be4 g6 22. f3 Nxe5 23. f4 Ng4 24. f5 Qc4 25. fxg6 hxg6 26. Bxg6 fxg6 27. Qxg6+ Rg7 28. Re8+ Rxe8 29. Qxe8+ Kh7 30. Qh5+ Kg8 31. Qe8+ 1/2-1/2

[Event "Seville op 46th"]
[Site "Seville"]
[Date "2021.07.02"]
[Round "3"]
[White "Montero Melendez, Rafael"]
[Black "Samuel Lares, Jairo"]
[Result "1-0"]
[WhiteElo "2320"]
[BlackElo "2046"]
[PlyCount "77"]
[EventDate "2021.06.30"]
[EventType "swiss"]
[EventRounds "7"]
[EventCountry "ESP"]
[SourceTitle "CBM 203 Extra"]
[Source "ChessBase"]
[SourceDate "2021.09.30"]
[SourceVersion "1"]
[SourceVersionDate "2021.09.30"]
[SourceQuality "1"]

1. c4 e5 2. g3 d6 3. Bg2 f5 4. Nc3 Nf6 5. d3 g6 6. e4 Bg7 7. Nge2 c6 8. 0-0 0-0 9. exf5 Bxf5 10. d4 Qd7 11. Bg5 h6 12. Bxf6 Bxf6 13. d5 c5 14. Ne4 Kg7 15. N2c3 Na6 16. a3 Be7 17. Rb1 Rac8 18. Re1 Nc7 19. Bf1 Ne8 20. Bd3 Nf6 21. Qe2 Nxe4 22. Bxe4 h5 23. Bxf5 Rxf5 24. Ne4 h4 25. b4 cxb4 26. axb4 Rcf8 27. c5 dxc5 28. d6 Bd8 29. bxc5 b6 30. Qc4 Qc6 31. Qb5 Qxb5 32. Rxb5 bxc5 33. Nxc5 Bb6 34. Ne6+ Kf7 35. Nxf8 hxg3 36. Rexe5 gxf2+ 37. Kf1 Rxe5 38. Rxe5 Kxf8 39. d7 1-0

[Event "Seville op 45th"]
[Site "Seville"]
[Date "2020.01.13"]
[Round "4"]
[White "Harutyunian, Tigran K"]
[Black "Montero Melendez, Rafael"]
[Result "1-0"]
[WhiteElo "2533"]
[BlackElo "2288"]
[PlyCount "107"]
[EventDate "2020.01.10"]
[EventType "swiss"]
[EventRounds "9"]
[EventCountry "ESP"]
[SourceTitle "CBM 194 Extra"]
[Source "ChessBase"]
[SourceDate "2020.03.31"]
[SourceVersion "1"]
[SourceVersionDate "2020.03.31"]
[SourceQuality "1"]

1. c4 Nf6 2. Nc3 c5 3. Nf3 e6 4. g3 b6 5. Bg2 Bb7 6. 0-0 Be7 7. d4 cxd4 8. Qxd4 d6 9. Bg5 a6 10. Bxf6 Bxf6 11. Qf4 Bxf3 12. Bxf3 Ra7 13. Rfd1 Rd7 14. Rd3 0-0 15. Rad1 Be7 16. Qe3 Qc7 17. Na4 Bd8 18. Rb3 Qxc4 19. Nxb6 Qc2 20. Rc1 Bxb6 21. Rxb6 Qf5 22. Bb7 Rdd8 23. Bxa6 Qa5 24. Bc4 d5 25. Rb5 Qa8 26. Bb3 Nc6 27. a4 Rb8 28. Rcc5 Rxb5 29. axb5 Na5 30. Bc2 Nc4 31. Qc3 Qa1+ 32. Kg2 g6 33. Bd3 Qa8 34. Rc6 Rb8 35. Bxc4 dxc4 36. Qxc4 Qb7 37. Qc5 h5 38. b4 Qxb5 39. Rc8+ Kh7 40. Rxb8 Qxb8 41. b5 Qa8+ 42. Qc6 Qa4 43. h4 g5 44. hxg5 h4 45. Qf3 Kg8 46. gxh4 Qxb5 47. Qe4 Kg7 48. f4 Kg8 49. h5 Qb8 50. h6 Qc8 51. Qe5 Qf8 52. Qf6 Qa8+ 53. Kh2 Qf8 54. e3 1-0

[Event "Seville op 44th"]
[Site "Seville"]
[Date "2019.01.19"]
[Round "9"]
[White "Montero Melendez, Rafael"]
[Black "Lei, Tingjie"]
[Result "0-1"]
[WhiteElo "2353"]
[BlackElo "2447"]
[PlyCount "104"]
[EventDate "2019.01.11"]
[EventType "swiss"]
[EventRounds "9"]
[EventCountry "ESP"]
[SourceTitle "CBM 188 Extra"]
[Source "ChessBase"]
[SourceDate "2019.02.26"]
[SourceVersion "1"]
[SourceVersionDate "2019.02.26"]
[SourceQuality "1"]

1. d4 Nf6 2. c4 e6 3. Nc3 Bb4 4. e3 0-0 5. Nge2 c6 6. a3 Ba5 7. c5 d6 8. b4 Bc7 9. Bb2 Nbd7 10. cxd6 Bxd6 11. g3 e5 12. Bg2 Nb6 13. Qc2 Be6 14. Rd1 Qe7 15. 0-0 Bg4 16. h3 Bh5 17. Rfe1 a5 18. dxe5 Bxe5 19. Qb3 a4 20. Qa2 Rad8 21. Rxd8 Rxd8 22. Bc1 c5 23. b5 Rd3 24. Qc2 Bxe2 25. Nxe2 c4 26. Kh2 h5 27. f4 Bc7 28. Rd1 Rxe3 29. Bxe3 Qxe3 30. Qd2 Qxa3 31. Nc3 h4 32. g4 g5 33. Kh1 Bxf4 34. Qd4 Nbd7 35. Qxc4 Ne5 36. Qd4 Qb3 37. Ne2 Be3 38. Qd8+ Kg7 39. Rf1 Ned7 40. Qa5 Qd3 41. Ng1 Ne4 42. Bxe4 Qxe4+ 43. Nf3 Qd3 44. Qe1 Bf4 45. Qa1+ Kg8 46. Kg2 Nc5 47. Qd1 a3 48. Qxd3 Nxd3 49. Ra1 Bc1 50. Ne5 Nf4+ 51. Kf3 Bb2 52. Re1 a2 0-1

[Event "Seville op 44th"]
[Site "Seville"]
[Date "2019.01.15"]
[Round "5"]
[White "Montero Melendez, Rafael"]
[Black "Jimenez Morales, Francisco"]
[Result "1-0"]
[WhiteElo "2353"]
[BlackElo "2133"]
[PlyCount "56"]
[EventDate "2019.01.11"]
[EventType "swiss"]
[EventRounds "9"]
[EventCountry "ESP"]
[SourceTitle "CBM 188 Extra"]
[Source "ChessBase"]
[SourceDate "2019.02.26"]
[SourceVersion "1"]
[SourceVersionDate "2019.02.26"]
[SourceQuality "1"]

1. c4 f5 2. g3 Nf6 3. Bg2 g6 4. Nc3 Bg7 5. d3 0-0 6. e4 e6 7. h3 Nc6 8. exf5 gxf5 9. Nge2 Rb8 10. d4 Ne7 11. d5 Ng6 12. Be3 a6 13. 0-0 Qe7 14. c5 Ne8 15. Qd2 b6 16. cxb6 cxb6 17. Na4 e5 18. f4 Nd6 19. Rac1 b5 20. Nb6 Qd8 21. Nxc8 Rxc8 22. b3 Qe7 23. Bc5 exf4 24. Rfe1 Rxc5 25. Rxc5 Ne4 26. d6 Qg5 27. Bxe4 Ne5 28. Rxe5 Bxe5 1-0

[Event "ESP-ch 83rd"]
[Site "Linares"]
[Date "2018.08.25"]
[Round "6"]
[White "Montero Melendez, Rafael"]
[Black "Domingo Nunez, Ruben"]
[Result "1/2-1/2"]
[WhiteElo "2367"]
[BlackElo "2318"]
[PlyCount "69"]
[EventDate "2018.08.20"]
[EventType "swiss"]
[EventRounds "9"]
[EventCountry "ESP"]
[SourceTitle "CBM 186 Extra"]
[Source "ChessBase"]
[SourceDate "2018.08.24"]
[SourceVersion "1"]
[SourceVersionDate "2018.08.24"]
[SourceQuality "1"]

1. Nf3 c5 2. c4 Nc6 3. g3 g6 4. Bg2 Bg7 5. Nc3 d6 6. 0-0 e6 7. a3 Nge7 8. d3 b6 9. Bg5 h6 10. Bd2 Bb7 11. Rb1 Qd7 12. e3 0-0 13. b4 Rad8 14. Qe2 g5 15. Nb5 f5 16. Ne1 e5 17. f4 exf4 18. gxf4 gxf4 19. Rxf4 Ne5 20. Nc3 Bxg2 21. Qxg2 d5 22. cxd5 Nxd5 23. Rh4 Rf6 24. Qxd5+ Qxd5 25. Nxd5 Rxd5 26. bxc5 Nxd3 27. cxb6 axb6 28. Kf1 Rg6 29. a4 Nc5 30. Nf3 Ne4 31. Be1 Rd3 32. Rf4 Rxe3 33. Rxf5 Nd6 34. Rf4 Re4 35. Rxe4 1/2-1/2

[Event "Seville op 43rd"]
[Site "Seville"]
[Date "2018.01.18"]
[Round "7"]
[White "Gleizerov, Evgeny"]
[Black "Montero Melendez, Rafael"]
[Result "1-0"]
[WhiteElo "2509"]
[BlackElo "2384"]
[PlyCount "65"]
[EventDate "2018.01.12"]
[EventType "swiss"]
[EventRounds "9"]
[EventCountry "ESP"]
[SourceTitle "CBM 182 Extra"]
[Source "ChessBase"]
[SourceDate "2018.02.23"]
[SourceVersion "1"]
[SourceVersionDate "2018.02.23"]
[SourceQuality "1"]

1. d4 d5 2. c4 c6 3. Nf3 Nf6 4. Nc3 dxc4 5. g3 b5 6. Bg2 Bb7 7. 0-0 e6 8. Ne5 Qc8 9. b3 b4 10. Na4 cxb3 11. axb3 Nbd7 12. Nxd7 Nxd7 13. Bb2 Bd6 14. d5 cxd5 15. Bxg7 Rg8 16. Bb2 Ke7 17. Rc1 Qb8 18. Qd2 Rg6 19. Qd4 Qg8 20. e4 dxe4 21. Bxe4 Rg4 22. Rfe1 Bxe4 23. Rxe4 Ne5 24. Qe3 Rxe4 25. Qxe4 Nd7 26. Rd1 a5 27. Qc6 Qb8 28. Rxd6 Qxd6 29. Qxa8 Qd1+ 30. Kg2 Qxb3 31. Qxa5 f5 32. Qb5 f4 33. Qxd7+ 1-0

[Event "ESP-ch 82nd"]
[Site "Las Palmas"]
[Date "2017.10.03"]
[Round "5"]
[White "Montero Melendez, Rafael"]
[Black "Menvielle Laccourreye, Augusto"]
[Result "1-0"]
[WhiteElo "2376"]
[BlackElo "2123"]
[PlyCount "107"]
[EventDate "2017.09.29"]
[EventType "swiss"]
[EventRounds "9"]
[EventCountry "ESP"]
[SourceTitle "CBM 181 Extra"]
[Source "ChessBase"]
[SourceDate "2017.12.12"]
[SourceVersion "1"]
[SourceVersionDate "2017.12.12"]
[SourceQuality "1"]

1. c4 f5 2. Nc3 Nf6 3. d4 g6 4. h4 d6 5. h5 Bg7 6. h6 Bf8 7. Bg5 c6 8. Bxf6 exf6 9. e3 Be6 10. Bd3 Na6 11. a3 Nc7 12. Nge2 Bf7 13. Qc2 Qd7 14. b4 Be7 15. Nf4 Ne6 16. Nxe6 Qxe6 17. Ne2 Qd7 18. Nf4 a5 19. Rd1 axb4 20. axb4 Qc7 21. Kf1 Qb6 22. Rb1 Ra3 23. g3 0-0 24. g4 Rfa8 25. gxf5 g5 26. Ne6 Ra2 27. Qd1 Qa7 28. Kg2 Qa3 29. b5 cxb5 30. Rxb5 Be8 31. Rb3 Qa5 32. Qe1 Bc6+ 33. e4 Qxf5 34. Bb1 R2a3 35. d5 Qg4+ 36. Rg3 Rxg3+ 37. fxg3 Bd7 38. Nd4 Ra3 39. Qf2 Bd8 40. Nf3 Bb6 41. Qf1 Rb3 42. Bc2 Rc3 43. Bd3 f5 44. Nh2 Qh5 45. exf5 g4 46. Nxg4 Qxg4 47. Rh4 Qg5 48. Qe2 Kf8 49. Rg4 Qe3 50. Rg8+ Kxg8 51. Qg4+ Kf8 52. Qg7+ Ke8 53. Qg8+ Ke7 54. f6+ 1-0

[Event "Andalucia-chA"]
[Site "Roquetas de Mar"]
[Date "2017.05.20"]
[Round "5"]
[White "Ladron de Guevara Pinto, Paolo"]
[Black "Montero Melendez, Rafael"]
[Result "1/2-1/2"]
[WhiteElo "2363"]
[BlackElo "2357"]
[PlyCount "96"]
[EventDate "2017.05.13"]
[EventType "swiss"]
[EventRounds "8"]
[EventCountry "ESP"]
[SourceTitle "EXT 2020"]
[Source "ChessBase"]
[SourceDate "2019.10.17"]
[SourceVersion "1"]
[SourceVersionDate "2019.10.17"]
[SourceQuality "1"]

1. d4 d5 2. Nc3 Nf6 3. Bf4 c5 4. e3 cxd4 5. exd4 a6 6. Qd2 Nc6 7. f3 e6 8. g4 Bb4 9. Nge2 b5 10. Bg2 Bb7 11. 0-0 0-0 12. Rad1 Rc8 13. a3 Be7 14. b4 Qb6 15. Na2 Ne8 16. Kh1 Nd6 17. Nac1 Nc4 18. Qc3 f6 19. Nb3 Nxa3 20. Nc5 Nc4 21. Nd7 Qa7 22. Nxf8 Bxb4 23. Qa1 Bxf8 24. g5 e5 25. Bc1 fxg5 26. Bxg5 h6 27. Bc1 Bd6 28. c3 exd4 29. cxd4 Re8 30. Ng3 Ne7 31. Rfe1 Qb8 32. Nh5 Nf5 33. Qb1 Rxe1+ 34. Rxe1 Qf8 35. f4 Qf7 36. Ng3 Nxd4 37. Qd3 Bc5 38. Bh3 Bb4 39. Rg1 Ne6 40. f5 Nc5 41. Qd1 d4+ 42. Bg2 Bxg2+ 43. Rxg2 Ne3 44. Bxe3 dxe3 45. Qd4 Qd7 46. Qxb4 Qd1+ 47. Rg1 Qd5+ 48. Rg2 Qd1+ 1/2-1/2

[Event "Seville op 39th"]
[Site "Seville"]
[Date "2014.01.16"]
[Round "7"]
[White "Gonzalez Galvan, Juan Manuel"]
[Black "Montero Melendez, Rafael"]
[Result "1-0"]
[WhiteElo "2238"]
[BlackElo "2350"]
[PlyCount "119"]
[EventDate "2014.01.10"]
[EventType "swiss"]
[EventRounds "9"]
[EventCountry "ESP"]
[SourceTitle "CBM 158 Extra"]
[Source "ChessBase"]
[SourceDate "2014.02.28"]
[SourceVersion "1"]
[SourceVersionDate "2014.02.28"]
[SourceQuality "1"]

1. e4 e5 2. Bc4 Nc6 3. d3 Bc5 4. Ne2 Nf6 5. 0-0 d5 6. exd5 Nxd5 7. Nbc3 Nb6 8. Bb5 0-0 9. Bxc6 bxc6 10. Ne4 Be7 11. f4 f5 12. N4c3 Bc5+ 13. Kh1 exf4 14. Bxf4 Nd5 15. Qd2 Nxf4 16. Qxf4 Qd6 17. Na4 Qxf4 18. Rxf4 Bd6 19. Rc4 Be6 20. Rxc6 Bd5 21. Ra6 f4 22. Ng1 Rf5 23. Nc3 Bb7 24. Ra4 c5 25. Ne4 Be7 26. Rf1 a5 27. g4 Rff8 28. Nf3 Bc6 29. Rc4 Bd5 30. Rc3 Rab8 31. b3 Rbc8 32. Kg1 c4 33. Rxc4 Bxc4 34. bxc4 Rb8 35. Nd4 Rb2 36. a4 Ra2 37. Rb1 Rxa4 38. Ne6 Ra8 39. Rb7 Bf8 40. c5 Rb4 41. Rxb4 axb4 42. c6 Rc8 43. Nd4 h6 44. Kg2 Kf7 45. h4 Be7 46. h5 g5 47. hxg6+ Kxg6 48. Kf3 Bd8 49. Nd6 Ra8 50. Ne6 Be7 51. Nxf4+ Kh7 52. Nf5 Bd8 53. Nd5 Rc8 54. Nd4 Ba5 55. Ke4 Kg7 56. Ke5 Kf7 57. Kd6 Rd8+ 58. Kc5 Rg8 59. Nf5 Ke6 60. Nxh6 1-0

[Event "Seville op 39th"]
[Site "Seville"]
[Date "2014.01.15"]
[Round "6"]
[White "Montero Melendez, Rafael"]
[Black "Guerreiro, Nuno M"]
[Result "1-0"]
[WhiteElo "2350"]
[BlackElo "2161"]
[PlyCount "69"]
[EventDate "2014.01.10"]
[EventType "swiss"]
[EventRounds "9"]
[EventCountry "ESP"]
[SourceTitle "CBM 158 Extra"]
[Source "ChessBase"]
[SourceDate "2014.02.28"]
[SourceVersion "1"]
[SourceVersionDate "2014.02.28"]
[SourceQuality "1"]

1. c4 Nc6 2. g3 d5 3. cxd5 Qxd5 4. Nf3 Nf6 5. Nc3 Qh5 6. h3 e5 7. d3 Bb4 8. Bd2 0-0 9. Bg2 Ne8 10. Qa4 a5 11. a3 Ra6 12. Ng5 Nd4 13. g4 Qh4 14. Rc1 Be7 15. Nf3 Nxf3+ 16. Bxf3 Bg5 17. Ne4 Bxd2+ 18. Nxd2 f5 19. Rc5 Qe7 20. Rxa5 Rh6 21. g5 Qxg5 22. Rxe5 Nd6 23. h4 Qf6 24. Qf4 Kh8 25. Bd5 c6 26. Bb3 g5 27. Qd4 Nb5 28. Qe3 f4 29. Qc5 gxh4 30. Ne4 b6 31. Qxb5 Qg7 32. Qb4 h3 33. Rg5 c5 34. Qd2 Rg6 35. Rxg6 1-0

[Event "Gibraltar Masters 11th"]
[Site "Caleta"]
[Date "2013.01.31"]
[Round "10"]
[White "Montero Melendez, Rafael"]
[Black "Muzychuk, Mariya"]
[Result "0-1"]
[WhiteElo "2316"]
[BlackElo "2471"]
[PlyCount "108"]
[EventDate "2013.01.22"]
[EventType "swiss"]
[EventRounds "10"]
[EventCountry "GGB"]
[SourceTitle "CBM 153"]
[Source "ChessBase"]
[SourceDate "2013.03.14"]
[SourceVersion "1"]
[SourceVersionDate "2013.03.14"]
[SourceQuality "1"]

1. c4 f5 2. g3 Nf6 3. Nc3 g6 4. Bg2 Bg7 5. d3 d6 6. e4 Nc6 7. Nge2 e5 8. 0-0 fxe4 9. dxe4 Be6 10. Nd5 Qd7 11. Bg5 0-0 12. Qd2 Rf7 13. b4 Ne7 14. Rac1 b6 15. Rfd1 Raf8 16. Nxf6+ Bxf6 17. Be3 Bg7 18. c5 Bg4 19. cxd6 cxd6 20. Rc2 Qa4 21. Rb1 Qd7 22. Nc3 h5 23. Nd5 Nxd5 24. Qxd5 Be6 25. Qd3 Qa4 26. Rd2 Rd7 27. Qf1 Kh7 28. Bh3 Bxh3 29. Qxh3 Rdf7 30. Qe6 Rf6 31. Qb3 Qd7 32. Qd1 Bh6 33. Bxh6 Kxh6 34. Rb3 Qf7 35. Qe2 Kg7 36. Rc3 h4 37. Rdc2 Qe6 38. Rc7+ R8f7 39. Rxf7+ Rxf7 40. Qd1 Qd7 41. Rd2 Rf6 42. a4 Qf7 43. b5 Qe6 44. Rc2 Rf7 45. Rc3 Qa2 46. f3 h3 47. Rc2 Qxa4 48. Rd2 Qxb5 49. Kf2 Qc5+ 50. Ke2 Qc4+ 51. Ke3 Rf6 52. f4 Qc5+ 53. Kf3 exf4 54. gxf4 Qe5 0-1

[Event "Gibraltar Masters 11th"]
[Site "Caleta"]
[Date "2013.01.30"]
[Round "9"]
[White "Novoa, Fernando"]
[Black "Montero Melendez, Rafael"]
[Result "0-1"]
[WhiteElo "2017"]
[BlackElo "2316"]
[PlyCount "92"]
[EventDate "2013.01.22"]
[EventType "swiss"]
[EventRounds "10"]
[EventCountry "GGB"]
[SourceTitle "CBM 153"]
[Source "ChessBase"]
[SourceDate "2013.03.14"]
[SourceVersion "1"]
[SourceVersionDate "2013.03.14"]
[SourceQuality "1"]

1. d4 Nf6 2. c4 e6 3. g3 c5 4. d5 exd5 5. cxd5 d6 6. Nc3 g6 7. Bg2 Bg7 8. Nf3 0-0 9. 0-0 Re8 10. Nd2 b6 11. a4 Ba6 12. Rb1 Qe7 13. Re1 Nbd7 14. Nb5 Ne5 15. Nf3 Bxb5 16. axb5 Nxf3+ 17. Bxf3 a6 18. bxa6 Rxa6 19. b4 c4 20. b5 Ra2 21. Be3 Qc7 22. Bd4 Nd7 23. Bxg7 Kxg7 24. Ra1 Rxa1 25. Qxa1+ c3 26. Rc1 Rc8 27. Bg4 f5 28. Bh3 Nf6 29. Bg2 Qc5 30. h3 Rc7 31. Qa6 c2 32. Qa4 Qc3 33. Qf4 Qa3 34. Qd2 Qb2 35. e3 Qxb5 36. Bf1 Qb2 37. f3 Qc3 38. Qd3 b5 39. Qxc3 Rxc3 40. Bxb5 Nxd5 41. Kf2 Nxe3 42. Ke2 Nc4 43. Ba4 Na3 44. g4 Kf6 45. Kd2 Rxf3 46. Bxc2 Rf2+ 0-1

[Event "Gibraltar Masters 11th"]
[Site "Caleta"]
[Date "2013.01.28"]
[Round "7"]
[White "Nafri, Khalil"]
[Black "Montero Melendez, Rafael"]
[Result "0-1"]
[WhiteElo "2091"]
[BlackElo "2316"]
[PlyCount "60"]
[EventDate "2013.01.22"]
[EventType "swiss"]
[EventRounds "10"]
[EventCountry "GGB"]
[SourceTitle "CBM 153"]
[Source "ChessBase"]
[SourceDate "2013.03.14"]
[SourceVersion "1"]
[SourceVersionDate "2013.03.14"]
[SourceQuality "1"]

1. e4 c5 2. Nf3 e6 3. d4 cxd4 4. Nxd4 a6 5. c4 Nf6 6. Nc3 Qc7 7. Be3 Bb4 8. Bd3 Nc6 9. Nxc6 Qxc6 10. f3 Bxc3+ 11. bxc3 d5 12. cxd5 Qxc3+ 13. Kf1 0-0 14. Rc1 Qa5 15. d6 Qxa2 16. Bd4 Qa5 17. f4 Qh5 18. Qd2 Nd7 19. e5 f6 20. Kg1 fxe5 21. fxe5 b6 22. Be4 Ra7 23. Rc3 Nxe5 24. Rh3 Raf7 25. Bd3 Nxd3 26. Qxd3 Rf1+ 27. Qxf1 Rxf1+ 28. Kxf1 Qd1+ 29. Kf2 Qxd4+ 30. Ke2 Qxd6 0-1

[Event "Gibraltar Masters 11th"]
[Site "Caleta"]
[Date "2013.01.26"]
[Round "5"]
[White "Harika, Dronavalli"]
[Black "Montero Melendez, Rafael"]
[Result "1-0"]
[WhiteElo "2514"]
[BlackElo "2316"]
[PlyCount "139"]
[EventDate "2013.01.22"]
[EventType "swiss"]
[EventRounds "10"]
[EventCountry "GGB"]
[SourceTitle "CBM 153"]
[Source "ChessBase"]
[SourceDate "2013.03.14"]
[SourceVersion "1"]
[SourceVersionDate "2013.03.14"]
[SourceQuality "1"]

1. d4 d5 2. c4 c6 3. Nf3 Nf6 4. Nc3 dxc4 5. a4 Bf5 6. Ne5 Nbd7 7. Nxc4 Nb6 8. Ne5 a5 9. e3 h6 10. f3 e6 11. e4 Bh7 12. Be3 Bb4 13. Be2 Nfd7 14. Nxd7 Nxd7 15. 0-0 0-0 16. Qb3 e5 17. dxe5 Bc5 18. Bxc5 Nxc5 19. Qc4 Qb6 20. Kh1 Rfe8 21. f4 Qb4 22. Rad1 Nxe4 23. Rd7 Rf8 24. Nxe4 Bxe4 25. Qxb4 axb4 26. Rd4 Bc2 27. Rxb4 Rxa4 28. Rxb7 Rd8 29. b3 Ra2 30. Bf3 Rd4 31. Bxc6 Be4 32. Bxe4 Rxe4 33. h3 Ree2 34. Rg1 Re4 35. Rb8+ Kh7 36. Rf8 Rxf4 37. e6 Re2 38. Rxf7 Rb4 39. Rf3 Rxe6 40. Rd1 g5 41. Kh2 Kg6 42. Rd8 Reb6 43. Rdd3 h5 44. Rfe3 R4b5 45. Kg1 Ra6 46. Kf2 Ra2+ 47. Re2 Ra1 48. Rb2 Kf5 49. Rc3 Ke4 50. Re3+ Kf4 51. Rf3+ Ke4 52. Rf4+ Kd5 53. g4 hxg4 54. hxg4 Rb1 55. Rd2+ Kc5 56. Rf5+ Kb4 57. Rd4+ Ka5 58. b4+ Kb6 59. Rxb5+ Kxb5 60. Kf3 Rg1 61. Rd5+ Kxb4 62. Rxg5 Kc4 63. Ra5 Kd4 64. g5 Rh1 65. Kf4 Rf1+ 66. Kg4 Ke4 67. g6 Rg1+ 68. Kh5 Kf4 69. Kh6 Rh1+ 70. Rh5 1-0

[Event "Seville op 38th"]
[Site "Seville"]
[Date "2013.01.19"]
[Round "9"]
[White "Montero Melendez, Rafael"]
[Black "Piscopo, Pierluigi"]
[Result "1-0"]
[WhiteElo "2316"]
[BlackElo "2407"]
[PlyCount "123"]
[EventDate "2013.01.11"]
[EventType "swiss"]
[EventRounds "9"]
[EventCountry "ESP"]
[SourceTitle "CBM 152 Extra"]
[Source "ChessBase"]
[SourceDate "2013.02.25"]
[SourceVersion "1"]
[SourceVersionDate "2013.02.25"]
[SourceQuality "1"]

1. Nf3 c5 2. c4 Nc6 3. g3 e5 4. Nc3 g6 5. Bg2 Bg7 6. 0-0 d6 7. a3 a5 8. Ne1 Be6 9. d3 Nge7 10. Nc2 d5 11. cxd5 Nxd5 12. Ne3 Nde7 13. Qa4 0-0 14. Nc4 Rb8 15. Bg5 Nd4 16. Qxa5 b6 17. Bxe7 Qxe7 18. Nxb6 Nb3 19. Nbd5 Bxd5 20. Nxd5 Qd6 21. Qe1 Nxa1 22. Qxa1 e4 23. Bxe4 Rxb2 24. Qd1 Bd4 25. e3 Bg7 26. Qa4 Rfb8 27. Rc1 Ra2 28. Qa7 Bf8 29. Nc3 Rab2 30. Bd5 Qe7 31. Qxe7 Bxe7 32. a4 Bf6 33. Ne4 Rb1 34. Nxf6+ Kg7 35. Nh5+ gxh5 36. Rxb1 Rxb1+ 37. Kg2 Rb4 38. Bc6 c4 39. dxc4 Rxc4 40. Bb5 Rb4 41. h4 Kf6 42. Kf3 Ke5 43. Be8 Rb8 44. Bc6 Rb1 45. Bb5 Rd1 46. Ke2 Rd8 47. a5 Kd5 48. a6 Kc5 49. Bd3 h6 50. Be4 Kb6 51. Bb7 Rd6 52. f4 Rg6 53. Kf3 Rd6 54. g4 hxg4+ 55. Kxg4 Rd3 56. e4 Ra3 57. Kf5 Rh3 58. Kf6 Rxh4 59. f5 Rf4 60. Kxf7 h5 61. f6 h4 62. e5 1-0